000 00996nas a2200301 4500
001 BR7800276
003 BR-BrBNA
005 20231205083301.0
007 ta
008 230509b bl.|||p| |||| 00| 00por d
040 _aBR-BrBNA
_bpor
_cBiblioteca Nacional de Agricultura
041 _a(Pt)
072 _aH20
100 1 _aBovi, M.L.A.
100 1 _aSoave, J.
100 1 _aSugimori, M.H.
100 1 _aMoraes, S.A. de
100 1 _aRibeiro, I.J.A.
100 1 _aParadela Filho, O.
100 1 _aCardoso, M.
245 1 _aOcorrencia de Colletotrichum gloeosporioides Penz. (Von Arx.)sobre mudas de diferentes especies de palmiteiro (Euterpe edulis Mart., Euterpe oleracea Mart. e Euterpe badiocarpa Barb. Rodr.)[acai, antracnose, fungo]
650 _aPALMITO
650 _aACAI
650 _aANTRACNOSE
773 0 _tSumma Phytopathologica (Brazil)
_xISSN 0100-5405
_g(Jan 1977), v. 3(1) p. 93-95
_wBR7800276
909 _a202311
_bLúcia
_c55
_dLúcia Elande
942 _2AGRIS
_n0
_cANA
999 _c97709
_d97709